000 00728cab a2200229 4500
001 WB3334-25
008 090401t1997 xxu||||| |||| 00| 0 eng d
035 _a(Sirsi) u80625
041 _aeng
245 _aProperty centres cleared
260 _c1997
350 _a0
490 _aDTI Press Notice
_v(P/97/557) 29 August 1997, (5)
520 _aScotland`s Solicitors` Property Centres are not operating against consumer interests, according to an MMC report.
650 _aESTATE AGENCY SERVICES
650 _aMONOPOLIES AND MERGERS COMMISSION
650 _aSCOTLAND
650 _aSOLICITORS PROPERTY CENTRES
690 _aMANAGEMENT-BUSINESS MANAGEMENT-PROFESSIONAL PRACTICE
942 _n0
948 _c02/09/1997
999 _c50755
_d50755